header

Sensation and perception / (Record no. 13)

MARC details
000 -LEADER
fixed length control field 01312cam a2200349 a 4500
001 - CONTROL NUMBER
control field 14164315
003 - CONTROL NUMBER IDENTIFIER
control field OSt
005 - DATE AND TIME OF LATEST TRANSACTION
control field 20150915135113.0
008 - FIXED-LENGTH DATA ELEMENTS--GENERAL INFORMATION
fixed length control field 051103s2007 at a b 001 0 eng
010 ## - LIBRARY OF CONGRESS CONTROL NUMBER
LC control number 2005936745
Canceled/invalid LC control number 2005934503
020 ## - INTERNATIONAL STANDARD BOOK NUMBER
International Standard Book Number 0534558100
035 ## - SYSTEM CONTROL NUMBER
System control number (DLC)2005936745
System control number (DLC)1937
040 ## - CATALOGING SOURCE
Original cataloging agency DLC
Transcribing agency DLC
Modifying agency DLC
042 ## - AUTHENTICATION CODE
Authentication code pcc
050 00 - LIBRARY OF CONGRESS CALL NUMBER
Classification number QP431
Item number .G64 2007
082 00 - DEWEY DECIMAL CLASSIFICATION NUMBER
Classification number 152.1
Edition number 22
100 1# - MAIN ENTRY--PERSONAL NAME
Personal name Goldstein, E. Bruce,
Dates associated with a name 1941-
245 10 - TITLE STATEMENT
Title Sensation and perception /
Statement of responsibility, etc E. Bruce Goldstein.
250 ## - EDITION STATEMENT
Edition statement 7th ed.
260 ## - PUBLICATION, DISTRIBUTION, ETC. (IMPRINT)
Place of publication, distribution, etc Australia :
Name of publisher, distributor, etc Thomson/Wadsworth,
Date of publication, distribution, etc 2007.
300 ## - PHYSICAL DESCRIPTION
Extent xxix, 438 p. :
Other physical details col. ill. ;
Dimensions 29 cm.
504 ## - BIBLIOGRAPHY, ETC. NOTE
Bibliography, etc Includes bibliographical references (p. 398-420).
650 #0 - SUBJECT ADDED ENTRY--TOPICAL TERM
Topical term or geographic name as entry element Senses and sensation.
Topical term or geographic name as entry element Perception.
856 42 - ELECTRONIC LOCATION AND ACCESS
Materials specified Contributor biographical information
Uniform Resource Identifier <a href="http://www.loc.gov/catdir/enhancements/fy1514/2005936745-b.html">http://www.loc.gov/catdir/enhancements/fy1514/2005936745-b.html</a>
Materials specified Publisher description
Uniform Resource Identifier <a href="http://www.loc.gov/catdir/enhancements/fy1514/2005936745-d.html">http://www.loc.gov/catdir/enhancements/fy1514/2005936745-d.html</a>
Materials specified Table of contents only
Uniform Resource Identifier <a href="http://www.loc.gov/catdir/enhancements/fy1514/2005936745-t.html">http://www.loc.gov/catdir/enhancements/fy1514/2005936745-t.html</a>
906 ## - LOCAL DATA ELEMENT F, LDF (RLIN)
a 7
b cbc
c orignew
d 2
e epcn
f 20
g y-gencatlg
942 ## - ADDED ENTRY ELEMENTS (KOHA)
Source of classification or shelving scheme Library of Congress Classification
Koha item type Long Loan Books
Holdings
Withdrawn status Lost status Source of classification or shelving scheme Damaged status Not for loan Home library Current library Shelving location Date acquired Total Checkouts Full call number Barcode Date last seen Price effective from Koha item type Collection code
    Library of Congress Classification     Rongo University Library Rongo University Library General Stacks 15/09/2015   QP431 .G64 2007 20154165 15/09/2015 15/09/2015 Long Loan Books  
    Library of Congress Classification     Rongo University Library Rongo University Library General Stacks 28/01/2016   QP431 .G64 2007 20169396 28/01/2016 28/01/2016 Long Loan Books Non-fiction
    Library of Congress Classification     Rongo University Library Rongo University Library General Stacks 28/01/2016   QP431 .G64 2007 20169397 28/01/2016 28/01/2016 Long Loan Books Non-fiction
    Library of Congress Classification     Rongo University Library Rongo University Library General Stacks 28/01/2016   QP431 .G64 2007 20169398 28/01/2016 28/01/2016 Long Loan Books Non-fiction
    Library of Congress Classification     Rongo University Library Rongo University Library General Stacks 28/01/2016   QP431 .G64 2007 20169399 28/01/2016 28/01/2016 Long Loan Books Non-fiction
    Library of Congress Classification     Rongo University Library Rongo University Library General Stacks 28/01/2016   QP431 .G64 2007 20169492 28/01/2016 28/01/2016 Long Loan Books Non-fiction
    Library of Congress Classification     Rongo University Library Rongo University Library General Stacks 28/01/2016   QP431 .G64 2007 20156186 28/01/2016 28/01/2016 Long Loan Books Non-fiction
    Library of Congress Classification     Rongo University Library Rongo University Library General Stacks 28/01/2016   QP431 .G64 2007 20156185 28/01/2016 28/01/2016 Long Loan Books Non-fiction
    Library of Congress Classification     Rongo University Library Rongo University Library General Stacks 28/01/2016   QP431 .G64 2007 20168703 28/01/2016 28/01/2016 Long Loan Books Non-fiction
    Library of Congress Classification     Rongo University Library Rongo University Library General Stacks 28/01/2016   QP431 .G64 2007 20169493 28/01/2016 28/01/2016 Long Loan Books Non-fiction
    Library of Congress Classification     Rongo University Library Rongo University Library General Stacks 28/01/2016   QP431 .G64 2007 20169494 28/01/2016 28/01/2016 Long Loan Books Non-fiction
    Library of Congress Classification     Rongo University Library Rongo University Library General Stacks 28/01/2016   QP431 .G64 2007 20169495 28/01/2016 28/01/2016 Long Loan Books Non-fiction
    Library of Congress Classification     Rongo University Library Rongo University Library   27/05/2016   QP431 .G64 2007 201612431 27/05/2016 27/05/2016 Long Loan Books  
    Library of Congress Classification     Rongo University Library Rongo University Library General Stacks 09/06/2017   QP431 .G64 2007   09/06/2017 09/06/2017 Long Loan Books Non-fiction
    Library of Congress Classification     Rongo University Library Rongo University Library General Stacks 09/06/2017   QP431 .G64 2007 201715354 09/06/2017 09/06/2017 Long Loan Books Non-fiction

© 2026 Rongo University
Contact us: librarian | system librarian | Rongo university